Kristianisasi sebagai sebuah gerakan : satu tinjauan sosiologi

Bibliographic Details
Main Author: Ghazali Basri
Format: Book
Published: Petaling Jaya : Budaya Ilmu Sdn.Bhd. , 1994
Subjects:

MARC

LEADER 00000cam a2200000 7i4500
001 0000004068
002 000004378
005 20000330.0
020 |a 967940062X 
090 0 0 |a 261   |b GHA 
100 0 |a Ghazali Basri 
245 1 0 |a Kristianisasi sebagai sebuah gerakan :   |b satu tinjauan sosiologi   |c Ghazali Basri 
260 |a Petaling Jaya :   |b Budaya Ilmu Sdn.Bhd. ,   |c 1994 
300 |a 180p. ;   |c 20cm. 
650 0 0 |a Christianity   |z Malaysia 
999 |a 037275   |b BUKU   |c MALAYSIANA   |e PERPUSTAKAAN KOMUNITI PETALING JAYA